[Event "Werner-Ott-Open Kreuzberger Sommer 2014"]
[Site "Berlin"]
[Date "2014.07.07"]
[Round "3.1"]
[White "Stern, Rene"]
[Black "Johansson, Thomas"]
[Result "1-0"]
[WhiteElo "2527"]
[BlackElo "2193"]
[PlyCount "143"]
[EventDate "2014.??.??"]
[WhiteTeam "SK König Tegel 1949 e.V."]
[BlackTeam "Uppsala ASS"]

1. d4 Nf6 2. c4 e6 3. Nc3 Bb4 4. Bd2 b6 5. f3 O-O 6. e4 c5 7. d5 exd5 8. cxd5
d6 9. Nge2 Nh5 10. g3 f5 11. Bg2 fxe4 12. Nxe4 Bxd2+ 13. Qxd2 Na6 14. O-O Nc7
15. f4 h6 16. a3 Bf5 17. Nf2 Nf6 18. h3 h5 19. Kh2 Qd7 20. Bf3 Rae8 21. Nc3 Nb5
22. Nxb5 Qxb5 23. Rfe1 Qb3 24. Qc3 Qa4 25. b3 Qd7 26. Rad1 Kf7 {(=)} 27. Kg2
Rxe1 28. Rxe1 Re8 29. Rxe8 Kxe8 30. Qe1+ Qe7 31. Qd1 g6 32. g4 hxg4 33. hxg4
Bd7 34. Qd3 Qh7 35. Kg3 b5 36. b4 Kd8 37. bxc5 dxc5 38. Qc3 Qe7 39. Qa5+ Ke8
40. Qxa7 Qd6 41. g5 Nh5+ 42. Bxh5 gxh5 43. Ne4 h4+ 44. Kf3 Qxd5 45. Qxc5 Bc6
46. Qxd5 Bxd5 47. Ke3 h3 48. Nf6+ Kf7 49. Ng4 Be6 50. Ne5+ Ke7 51. Kf2 Kd6 52.
Kg3 Kd5 53. Nf3 Ke4 54. g6 Bg8 55. g7 Bd5 56. Ng5+ Kf5 57. Nxh3 Kg6 58. Ng1
Kxg7 59. Ne2 Bc6 60. Nd4 Be8 61. Kf3 Kf6 62. Ke4 Bg6+ 63. Kd5 Bd3 64. Kc5 Bf1
65. Kb6 Kg6 66. Nxb5 Kf5 67. a4 Kxf4 68. a5 Ke5 69. a6 Bg2 70. Kc7 Bh1 71. Nd6
Ba8 72. Nb7 1-0

[Event "Werner-Ott-Open Kreuzberger Sommer 2014"]
[Site "Berlin"]
[Date "2014.07.07"]
[Round "3.2"]
[White "Horstmann, Olaf"]
[Black "Richter, Michael"]
[Result "1/2-1/2"]
[WhiteElo "2182"]
[BlackElo "2491"]
[PlyCount "40"]
[EventDate "2014.??.??"]
[WhiteTeam "Vereinigung der Schachsportfreun"]
[BlackTeam "SK König Tegel 1949 e.V."]

1. e4 e6 2. d4 d5 3. exd5 exd5 4. Bd3 Bd6 5. Nf3 Nc6 6. O-O Nge7 7. Re1 Bg4 8.
c3 Qd7 9. Nbd2 O-O-O 10. b4 Ng6 11. h3 Nf4 12. Bf1 Bh5 13. b5 Ne7 14. Qa4 Kb8
15. Ne5 Bxe5 16. dxe5 Ne6 17. Nb3 Bg6 18. Be3 b6 19. Nd4 Nxd4 20. cxd4 Rhe8
1/2-1/2

[Event "Werner-Ott-Open Kreuzberger Sommer 2014"]
[Site "Berlin"]
[Date "2014.07.07"]
[Round "3.3"]
[White "Kaiser, Elmar"]
[Black "Von Herman, Ulf"]
[Result "0-1"]
[WhiteElo "2163"]
[BlackElo "2379"]
[PlyCount "58"]
[EventDate "2014.??.??"]
[WhiteTeam "SK Tauberbischofsheim"]
[BlackTeam "SK König Tegel 1949 e.V."]

1. d4 Nf6 2. Nf3 g6 3. c4 Bg7 4. Nc3 O-O 5. e4 d6 6. Be2 e5 7. O-O Nc6 8. d5
Ne7 9. Ne1 Nd7 10. Nd3 f5 11. Bd2 Nf6 12. f3 h6 13. Rc1 g5 14. exf5 Nxf5 15.
Nf2 c5 16. Nce4 Nd4 17. Nxf6+ Qxf6 18. Bd3 Bd7 19. b4 b6 20. Rb1 Rab8 21. Rb2
Qe7 22. Ne4 Bf5 23. bxc5 bxc5 24. Qb1 Rxb2 25. Qxb2 g4 26. Be3 gxf3 27. Bxd4
exd4 28. Rxf3 Bxe4 29. Rxf8+ Bxf8 0-1

[Event "Werner-Ott-Open Kreuzberger Sommer 2014"]
[Site "Berlin"]
[Date "2014.07.07"]
[Round "3.4"]
[White "Brüdigam, Martin"]
[Black "Gebigke, Martin"]
[Result "1/2-1/2"]
[WhiteElo "2328"]
[BlackElo "2152"]
[PlyCount "83"]
[EventDate "2014.??.??"]
[WhiteTeam "SK König Tegel 1949 e.V."]
[BlackTeam "SC Kreuzberg e.V."]

1. e4 c5 2. Nf3 d6 3. Bb5+ Bd7 4. Bxd7+ Qxd7 5. c4 Nf6 6. Nc3 g6 7. d4 cxd4 8.
Nxd4 Bg7 9. f3 O-O 10. Be3 Nc6 11. O-O Rfc8 12. Nde2 b6 13. b3 Qb7 14. Nd4 a6
15. Nxc6 Rxc6 16. a4 Ng4 17. Bd4 Ne3 18. Bxe3 Bxc3 19. Ra2 Rb8 20. Qd3 Bg7 21.
Rc1 Rc7 22. Rac2 Qc6 23. Qd2 Rbc8 24. Qb4 Rb7 25. Qd2 Rbc7 26. Qf2 Rb7 27. h4
h5 28. Qd2 Rbc7 29. Qb4 Rb7 30. Rd1 Bf6 31. Bf2 b5 32. axb5 axb5 33. c5 Qe8 34.
Rd5 Kh7 35. f4 dxc5 36. Rdxc5 Rxc5 37. Qxc5 Rd7 38. Kh2 Rd3 39. e5 Bg7 40. Rc3
Rxc3 41. Qxc3 Qd7 42. Bd4 1/2-1/2

[Event "Werner-Ott-Open Kreuzberger Sommer 2014"]
[Site "Berlin"]
[Date "2014.07.07"]
[Round "3.5"]
[White "Shapiro, Yosip"]
[Black "Jahnz, Fabian"]
[Result "0-1"]
[WhiteElo "2104"]
[BlackElo "2270"]
[PlyCount "150"]
[EventDate "2014.??.??"]
[WhiteTeam "SV Berolina Mitte e.V."]
[BlackTeam "SK König Tegel 1949 e.V."]

1. Nf3 d5 2. c4 dxc4 3. Na3 a6 4. Nxc4 b5 5. Ne3 Bb7 6. g3 e6 7. Bg2 Nf6 8. O-O
Nbd7 9. d3 Be7 10. Bd2 c5 11. a4 O-O 12. axb5 axb5 13. b4 cxb4 14. Rb1 Ra4 15.
Qe1 Qa5 16. Nc2 Nd5 17. Nfd4 Rb8 18. e4 Nc3 19. Bxc3 bxc3 20. Rxb5 Qa7 21. Qxc3
Rc8 22. Qb2 Ba6 23. Rb3 Bf6 24. Rb4 Rxc2 25. Qxc2 Rxb4 26. Nc6 Qb6 27. Nxb4
Qxb4 28. Qc6 Qb7 29. Qxb7 Bxb7 30. Rb1 Ba6 31. Bf1 Bd4 32. Rb4 e5 33. Kg2 f6
34. f4 g6 35. Kf3 Nc5 36. Rb8+ Kg7 37. fxe5 fxe5 38. Ra8 h5 39. h3 Bxd3 40.
Ra7+ Kf6 41. Bxd3 Nxd3 42. Ra6+ Kf7 43. g4 h4 44. g5 Nf2 45. Rf6+ Kg7 46. Rc6
Nxh3 47. Rc7+ Kf8 48. Rc8+ Ke7 49. Kg4 Nf2+ 50. Kxh4 Nxe4 51. Rc7+ Ke6 52. Rg7
Be3 53. Kg4 Nxg5 54. Rxg6+ Kd5 55. Kf5 Nf3 56. Rg8 Nd4+ 57. Kf6 Ke4 58. Re8 Bf4
59. Re7 Nf3 60. Re8 Kd3 61. Kf5 Nd4+ 62. Kg4 Ke3 63. Ra8 Bh2 64. Ra2 Bf4 65.
Ra3+ Ke4 66. Kh3 Be3 67. Kg2 Ne2 68. Kf1 Kf3 69. Ke1 Nd4 70. Ra8 e4 71. Rc8 Bf4
72. Rc4 Nf5 73. Rc3+ Ne3 74. Ra3 Bd6 75. Rc3 Bb4 0-1

[Event "Werner-Ott-Open Kreuzberger Sommer 2014"]
[Site "Berlin"]
[Date "2014.07.07"]
[Round "3.6"]
[White "Schmidbauer, Martin"]
[Black "Nikolov, Rumen"]
[Result "1/2-1/2"]
[WhiteElo "2242"]
[BlackElo "2071"]
[PlyCount "69"]
[EventDate "2014.??.??"]
[WhiteTeam "SK Tempelhof 1931 e.V."]
[BlackTeam "Ivis Plus"]

1. e4 c5 2. Nf3 Nc6 3. d3 g6 4. g3 Bg7 5. Bg2 e6 6. O-O Nge7 7. c3 O-O 8. Re1
d6 9. d4 cxd4 10. cxd4 Qb6 11. d5 Nd4 12. Nc3 exd5 13. exd5 Nef5 14. Nxd4 Bxd4
15. Re2 Bd7 16. Bf4 Rac8 17. Qd2 Rc4 18. Rd1 Rfc8 19. Ne4 Bg7 20. b3 R4c7 21.
Be3 Nxe3 22. Qxe3 Qa6 23. Red2 Bf5 24. Bf1 Qa3 25. Qf4 Be5 26. Qh4 Bxe4 27.
Qxe4 Rc1 28. Qe2 a6 29. h4 Rxd1 30. Rxd1 Rc3 31. Kh2 Qb4 32. Kg2 h5 33. Rd3
Rxd3 34. Qxd3 Qd4 35. Qxd4 1/2-1/2

[Event "Werner-Ott-Open Kreuzberger Sommer 2014"]
[Site "Berlin"]
[Date "2014.07.07"]
[Round "3.8"]
[White "Lindborg, Petter"]
[Black "Heerde, Thomas"]
[Result "1-0"]
[WhiteElo "2222"]
[BlackElo "2005"]
[PlyCount "127"]
[EventDate "2014.??.??"]
[WhiteTeam "Solna SS"]
[BlackTeam "SC Weisse Dame e.V."]

1. d4 Nf6 2. c4 g6 3. Nc3 Bg7 4. e4 O-O 5. h3 d6 6. Be3 c6 7. Bd3 a6 8. Rc1 b5
9. b3 Nfd7 10. Nf3 e5 11. dxe5 dxe5 12. O-O Qe7 13. cxb5 axb5 14. a4 b4 15. Nb1
Rd8 16. Qe2 Bb7 17. Rc2 c5 18. Rfc1 Ra5 19. Nbd2 Nc6 20. Nc4 Raa8 21. Re1 f6
22. Bc1 Nd4 23. Nxd4 exd4 24. Bf4 Ne5 25. Bxe5 fxe5 26. Nb6 Ra5 27. Rd1 Kh8 28.
Bc4 Qd6 29. Nd5 Rf8 30. Rd3 Raa8 31. Ra2 Ra5 32. Rf3 Bxd5 33. Bxd5 Rf4 34. g3
Rf6 35. Rc2 Qf8 36. Rxf6 Qxf6 37. Qg4 Qd8 38. Qe6 Bf6 39. h4 Qf8 40. Qb6 Bd8
41. Qe6 Bf6 42. Kg2 h5 43. Qb6 Qd8 44. Qc6 Kg7 45. Rxc5 Rxc5 46. Qxc5 Be7 47.
Qc2 g5 48. hxg5 Bxg5 49. Qe2 h4 50. Bc4 hxg3 51. fxg3 Kh6 52. Bd5 Kg7 53. Qb5
Bd2 54. Qb7+ Kh6 55. Qc6+ Kh7 56. Qc2 Qg5 57. Qc7+ Kh6 58. Qf7 d3 59. Qf3 Be3
60. a5 d2 61. Be6 Bd4 62. Qf8+ Kh7 63. Bf5+ Qxf5 64. Qxf5+ 1-0

[Event "Werner-Ott-Open Kreuzberger Sommer 2014"]
[Site "Berlin"]
[Date "2014.07.07"]
[Round "3.9"]
[White "Lerch, Philipp"]
[Black "Moos, Gerd A. Ferdinand"]
[Result "1-0"]
[WhiteElo "2197"]
[BlackElo "1956"]
[PlyCount "59"]
[EventDate "2014.??.??"]
[WhiteTeam "SK König Tegel 1949 e.V."]
[BlackTeam "Vereinigung der Schachsportfreun"]

1. c4 e5 2. g3 Nc6 3. Bg2 f5 4. Nc3 Nf6 5. d3 g6 6. e3 Bg7 7. Nge2 O-O 8. O-O
d6 9. Rb1 Kh8 10. b4 Ne7 11. Nd5 c6 12. Nxe7 Qxe7 13. b5 d5 14. bxc6 bxc6 15.
Qa4 Qe6 16. Ba3 Re8 17. Rfc1 Nd7 18. cxd5 cxd5 19. Rc7 a6 20. d4 Rd8 21. Qa5 e4
22. Nf4 Qg8 23. Qxd5 Qxd5 24. Nxd5 Nf6 25. Nxf6 Bxf6 26. Rb6 Bg7 27. Bf1 Bf8
28. Bxf8 Rxf8 29. Bc4 a5 30. Bd5 1-0

[Event "Werner-Ott-Open Kreuzberger Sommer 2014"]
[Site "Berlin"]
[Date "2014.07.07"]
[Round "3.10"]
[White "Kautz, Stefan"]
[Black "Kohler, Thomas"]
[Result "1/2-1/2"]
[WhiteElo "1941"]
[BlackElo "2239"]
[PlyCount "65"]
[EventDate "2014.??.??"]
[WhiteTeam "SC Empor Maulwurf Bonn"]
[BlackTeam "SC Zitadelle Spandau 1977 e.V."]

1. d4 Nf6 2. Bg5 Ne4 3. Bf4 c5 4. f3 Qa5+ 5. c3 Nf6 6. e4 cxd4 7. Qxd4 d6 8.
Nd2 e5 9. Qc4 Nbd7 10. Be3 Be7 11. Bd3 O-O 12. Ne2 Nc5 13. Bxc5 dxc5 14. O-O
Be6 15. Qb5 Qd8 16. Nc1 Rb8 17. Rd1 a6 18. Qa4 c4 19. Be2 Qc7 20. Qc2 b5 21. a4
Bc5+ 22. Kh1 Nh5 23. b3 Bb6 24. bxc4 bxc4 25. a5 Ba7 26. Ra4 Rb5 27. Bxc4 Bxc4
28. Nxc4 Rc5 29. Nb6 Rxc3 30. Qb2 Qc6 31. Rb4 Rc2 32. Qb1 Nf4 33. Rb2 1/2-1/2

[Event "Werner-Ott-Open Kreuzberger Sommer 2014"]
[Site "Berlin"]
[Date "2014.07.07"]
[Round "3.11"]
[White "Meister, Jakob"]
[Black "Schulz, Hartmut"]
[Result "0-1"]
[WhiteElo "2478"]
[BlackElo "2067"]
[PlyCount "158"]
[EventDate "2014.??.??"]
[WhiteTeam "SK Zehlendorf e.V."]
[BlackTeam "SC Rotation Pankow e.V."]

1. e4 c6 2. d4 d5 3. exd5 cxd5 4. c4 Nf6 5. Nc3 Nc6 6. Bg5 e6 7. Nf3 Be7 8. Bd3
dxc4 9. Bxc4 Nd5 10. Bxe7 Ncxe7 11. O-O O-O 12. Ne5 b6 13. Nxd5 Nxd5 14. Qg4
Bb7 15. Rfe1 Rc8 16. Rad1 Rc7 17. Bb3 Qf6 18. g3 Rfc8 19. h4 g6 20. a3 h5 21.
Qe2 Qf5 22. Qd3 Qh3 23. Qf1 Qxf1+ 24. Kxf1 Kf8 25. f3 Kg7 26. Kf2 Ne7 27. Rd2
Bd5 28. Bd1 Nc6 29. Be2 Nxe5 30. dxe5 Rc2 31. Ke3 Bb3 32. Bd3 Rxd2 33. Kxd2 Bd5
34. Ke3 Kf8 35. Kf4 Rc5 36. g4 hxg4 37. fxg4 Kg7 38. Re3 Rc1 39. Bb5 Rc2 40.
Re2 Rc1 41. Rf2 Rh1 42. Kg5 Re1 43. Re2 Rg1 44. Re3 Rb1 45. Re2 Rg1 46. Rf2 Re1
47. Be2 Rc1 48. Ba6 Re1 49. Re2 Rg1 50. Re3 Rb1 51. b4 Rg1 52. Kf4 Rh1 53. Kg5
Rf1 54. Be2 Re1 55. Kf4 Rg1 56. Rc3 Re1 57. Ke3 Rh1 58. Kf4 Rxh4 59. Rc7 Rh2
60. Bb5 a5 61. bxa5 bxa5 62. Ra7 Rf2+ 63. Kg5 Rf3 64. a4 Re3 65. Be8 Rxe5+ 66.
Kf4 Re4+ 67. Kg5 e5 68. Bd7 Re3 69. Bb5 Be6 70. Kh4 Kh6 71. g5+ Kg7 72. Bf1
Re4+ 73. Kg3 Rxa4 74. Be2 Ra3+ 75. Kf2 Ra2 76. Ke3 a4 77. Bb5 a3 78. Bd7 Bxd7
79. Rxd7 Ra1 0-1

[Event "Werner-Ott-Open Kreuzberger Sommer 2014"]
[Site "Berlin"]
[Date "2014.07.07"]
[Round "3.12"]
[White "Muse, Drazen"]
[Black "Niechotz, Christopher"]
[Result "1-0"]
[WhiteElo "2407"]
[BlackElo "2070"]
[PlyCount "45"]
[EventDate "2014.??.??"]
[WhiteTeam "SK König Tegel 1949 e.V."]
[BlackTeam "SC Kreuzberg e.V."]

1. d4 Nf6 2. g3 c5 3. c3 d5 4. dxc5 e5 5. Nf3 e4 6. Nd4 Bxc5 7. Bg2 O-O 8. O-O
Nc6 9. Nb3 Bb6 10. a4 h6 11. Na3 Be6 12. Nc2 Qc8 13. Be3 Bc7 14. Qc1 Ng4 15.
Bf4 Nge5 16. Nbd4 Bh3 17. Rd1 Bxg2 18. Kxg2 a6 19. Ne3 Ne7 20. Qc2 g5 21. Bxe5
Bxe5 22. Qb3 Qc5 23. Ndf5 1-0

[Event "Werner-Ott-Open Kreuzberger Sommer 2014"]
[Site "Berlin"]
[Date "2014.07.07"]
[Round "3.14"]
[White "Niehaus, Frank"]
[Black "Kunz, Andre"]
[Result "1-0"]
[WhiteElo "2200"]
[BlackElo "2029"]
[PlyCount "111"]
[EventDate "2014.??.??"]
[WhiteTeam "SK König Tegel 1949 e.V."]
[BlackTeam "BSV 63 Chemie Weißensee"]

1. e4 c6 2. d4 d5 3. e5 Bf5 4. Nc3 e6 5. g4 Bg6 6. Nge2 c5 7. Be3 Nc6 8. dxc5
h5 9. Nd4 Qc7 10. Bb5 hxg4 11. Qxg4 Nh6 12. Qg5 Qd7 13. Na4 Nf5 14. O-O-O Rh5
15. Qg2 Nxe3 {(=)} 16. fxe3 Rxe5 17. Rhe1 O-O-O 18. Qf1 Qc7 19. Bxc6 bxc6 20.
Qa6+ Kd7 21. b4 Rb8 22. a3 Qb7 23. Qf1 Ke8 24. Rd2 Be7 25. Rg2 Rg5 26. Rxg5
Bxg5 27. Qh3 Bf6 28. Qg3 e5 29. Nb3 Qb5 30. Nb2 Rc8 31. Qh3 Qb7 32. Na5 Qc7 33.
Rg1 Ke7 34. Nd1 Qd7 35. Qg2 Rh8 36. Qe2 Rc8 37. Rf1 Be4 38. Nc3 Bg6 39. Rd1 e4
40. Qd2 Qe6 41. Nb3 Be5 42. Nd4 Qf6 43. Kb2 Rh8 44. b5 Bxd4 45. Qxd4 Qxd4 46.
Rxd4 Kd7 47. Ra4 cxb5 48. Ra6 Bf5 49. Nxb5 Be6 50. c6+ Kd8 51. Rxa7 Re8 52. Kc3
Re7 53. Ra8+ Bc8 54. Kd4 f6 55. a4 Re6 56. Na7 1-0

[Event "Werner-Ott-Open Kreuzberger Sommer 2014"]
[Site "Berlin"]
[Date "2014.07.07"]
[Round "3.15"]
[White "Schulz, Olaf"]
[Black "Kollberg, Lothar"]
[Result "1-0"]
[WhiteElo "1987"]
[BlackElo "2177"]
[PlyCount "37"]
[EventDate "2014.??.??"]
[WhiteTeam "SC Rotation Pankow e.V."]
[BlackTeam "SC Zugzwang 95 e.V."]

1. d4 g6 2. e4 Bg7 3. Nf3 d6 4. b3 Bg4 5. Bb2 c5 6. c3 cxd4 7. cxd4 Qb6 8. Nbd2
Nc6 9. Be2 Nf6 10. d5 Nb8 11. O-O O-O 12. h3 Bxf3 13. Bxf3 Nbd7 14. Nc4 Qc7 15.
Rc1 Rfc8 16. e5 Ne8 17. Nxd6 Qxc1 18. Bxc1 exd6 19. Bg4 1-0

[Event "Werner-Ott-Open Kreuzberger Sommer 2014"]
[Site "Berlin"]
[Date "2014.07.07"]
[Round "3.16"]
[White "Baumert, Christian"]
[Black "Schmalzried, Volker"]
[Result "1-0"]
[WhiteElo "2137"]
[BlackElo "1917"]
[PlyCount "53"]
[EventDate "2014.??.??"]
[WhiteTeam "SG Lasker Steglitz-Wilmersdorf"]
[BlackTeam "ohne Verein"]

1. d4 g6 2. e4 Bg7 3. Nc3 c5 4. d5 d6 5. h3 Nf6 6. Nf3 O-O 7. Bd3 Na6 8. O-O
Nc7 9. Re1 a6 10. a4 Rb8 11. a5 b5 12. axb6 Rxb6 13. Na4 Rb8 14. c4 e6 15. e5
dxe5 16. Nxe5 Qd6 17. Bf4 Nh5 18. Bh2 Qd8 19. Nc6 Qg5 20. Nxb8 exd5 21. Bxc7
Bxh3 22. Qf3 Rc8 23. Qxh3 Rxc7 24. Re8+ Bf8 25. Nd7 Rxd7 26. Qxd7 Nf4 27. Bf1
1-0

[Event "Werner-Ott-Open Kreuzberger Sommer 2014"]
[Site "Berlin"]
[Date "2014.07.07"]
[Round "3.17"]
[White "Jaeger, Andre"]
[Black "Hahlbohm, Matthias"]
[Result "0-1"]
[WhiteElo "1991"]
[BlackElo "2102"]
[PlyCount "70"]
[EventDate "2014.??.??"]
[WhiteTeam "SC Rochade e.V."]
[BlackTeam "TSG Oberschöneweide e.V."]

1. d4 e6 2. c4 c5 3. Nf3 Nf6 4. Nc3 Be7 5. e4 cxd4 6. Nxd4 Nc6 7. Be2 O-O 8.
O-O a6 9. Be3 Qc7 10. f4 d6 11. Rc1 Rd8 12. Nd5 exd5 13. cxd5 Bd7 14. dxc6 bxc6
15. Qc2 c5 16. b4 Qb7 17. bxc5 dxc5 18. Nb3 Rac8 19. Bf3 Bc6 20. Na5 Qb6 21.
Nxc6 Qxc6 22. e5 Nd5 23. Bd2 c4 24. Kh1 Ba3 25. Rcd1 c3 26. Bc1 Bxc1 27. Qxc1
Qc5 28. Bxd5 Rxd5 29. Rxd5 Qxd5 30. Rd1 Qc4 31. g3 c2 32. Rd2 Qe4+ 33. Kg1 Qe3+
34. Kg2 Qxd2+ 35. Qxd2 c1=Q 0-1

[Event "Werner-Ott-Open Kreuzberger Sommer 2014"]
[Site "Berlin"]
[Date "2014.07.07"]
[Round "3.18"]
[White "Meyer-Dunker, Paul"]
[Black "Kalinitschew, Sergey"]
[Result "0-1"]
[WhiteElo "1889"]
[BlackElo "2426"]
[PlyCount "56"]
[EventDate "2014.??.??"]
[WhiteTeam "SC Friesen Lichtenberg e.V."]
[BlackTeam "SC Kreuzberg e.V."]

1. e4 c5 2. Nf3 Nc6 3. Bb5 d6 4. Bxc6+ bxc6 5. O-O e5 6. c3 g5 7. d3 h6 8. Na3
Bg7 9. Nc4 Ne7 10. Re1 O-O 11. Qa4 f5 12. exf5 Bxf5 13. b4 cxb4 14. Qxb4 c5 15.
Qb3 Rb8 16. Qc2 Bh7 17. Ba3 Nd5 18. Rab1 Nf4 19. Rxb8 Qxb8 20. Rb1 Qa8 21. Qb3
Kh8 22. Qb7 Bxd3 23. Nxd6 Ne2+ 24. Kh1 Bxb1 25. Qxb1 Rxf3 26. Qg6 Rxf2 27. Nf7+
Rxf7 28. Qxf7 Nf4 0-1

[Event "Werner-Ott-Open Kreuzberger Sommer 2014"]
[Site "Berlin"]
[Date "2014.07.07"]
[Round "3.19"]
[White "Simon, Ralf-Axel"]
[Black "Albinus, Günter"]
[Result "1-0"]
[WhiteElo "2230"]
[BlackElo "1880"]
[PlyCount "73"]
[EventDate "2014.??.??"]
[WhiteTeam "TSG Neuruppin"]
[BlackTeam "SG Weißensee 49 e.V."]

1. Nf3 Nf6 2. c4 e6 3. Nc3 d5 4. d4 c6 5. e3 Nbd7 6. Qc2 Be7 7. b3 O-O 8. Bd3
Re8 9. O-O Nf8 10. Bb2 b6 11. cxd5 exd5 12. Rac1 Bb7 13. Ne2 Rc8 14. Ng3 Bd6
15. Qe2 N8d7 16. Ba6 Qc7 17. Bxb7 Qxb7 18. Rc2 h6 19. Rfc1 Re6 20. Nf1 Nb8 21.
Ne1 Qe7 22. Nd3 Nfd7 23. Qd2 Nf6 24. Qe1 a5 25. Qe2 Nfd7 26. Bc3 f5 27. Qf3 Qf7
28. b4 axb4 29. Bxb4 Bxb4 30. Nxb4 Rd6 31. Ng3 g6 32. Ne2 c5 33. Nf4 c4 34.
Nfxd5 b5 35. Nc3 Rb6 36. Nbd5 Rb7 37. Ne7+ 1-0

[Event "Werner-Ott-Open Kreuzberger Sommer 2014"]
[Site "Berlin"]
[Date "2014.07.07"]
[Round "3.20"]
[White "Kornath, Heinrich"]
[Black "Major, Vitalij"]
[Result "0-1"]
[WhiteElo "1889"]
[BlackElo "2197"]
[PlyCount "60"]
[EventDate "2014.??.??"]
[WhiteTeam "SG Eckturm"]
[BlackTeam "SC Kreuzberg e.V."]

1. e4 c5 2. Nf3 e6 3. d4 cxd4 4. Nxd4 a6 5. c4 Nf6 6. Nc3 Bb4 7. Bd3 Qc7 8. Be3
b6 9. Rc1 Bb7 10. f3 Bd6 11. g3 h5 12. O-O h4 13. Be2 Bc5 14. Qe1 hxg3 15. hxg3
Nc6 16. Nc2 O-O-O 17. Kg2 Bxe3 18. Nxe3 Kb8 19. Ncd5 exd5 20. cxd5 Ka7 21. Qc3
Nh5 22. f4 g5 23. e5 gxf4 24. gxf4 Rdg8+ 25. Kf3 Qd8 26. Rg1 Qh4 27. Rg4 Rxg4
28. Nxg4 Qg3+ 29. Ke4 Qxf4+ 30. Kd3 Nb4+ 0-1

[Event "Werner-Ott-Open Kreuzberger Sommer 2014"]
[Site "Berlin"]
[Date "2014.07.07"]
[Round "3.21"]
[White "Matitschka, Heinz"]
[Black "Hoffmann, Rainer"]
[Result "1-0"]
[WhiteElo "1886"]
[BlackElo "2110"]
[PlyCount "59"]
[EventDate "2014.??.??"]
[WhiteTeam "TSG Oberschöneweide e.V."]
[BlackTeam "BSC Rehberge 1945 e.V."]

1. d4 Nf6 2. c4 e6 3. Nc3 d5 4. cxd5 exd5 5. Bg5 c6 6. e3 Nbd7 7. Bd3 Bd6 8.
Nf3 O-O 9. O-O h6 10. Bh4 b6 11. Qc2 Bb7 12. Rfe1 a6 13. e4 dxe4 14. Nxe4 Be7
15. Bg3 Nxe4 16. Bxe4 Nf6 17. Bf5 Nh5 18. Be5 Bd6 19. Rad1 Nf6 20. Bxf6 Qxf6
21. Ne5 Rfe8 22. f4 g6 23. Be4 Rac8 24. Rf1 Re7 25. Qb3 c5 26. Bxb7 Rxb7 27.
Qf3 Rbc7 28. Ng4 Qh8 29. Qd5 Rd8 30. Ne5 {ZÜ} 1-0

[Event "Werner-Ott-Open Kreuzberger Sommer 2014"]
[Site "Berlin"]
[Date "2014.07.07"]
[Round "3.22"]
[White "Burger, Heinrich"]
[Black "Schönberger, Kay"]
[Result "1-0"]
[WhiteElo "2101"]
[BlackElo "1877"]
[PlyCount "115"]
[EventDate "2014.??.??"]
[WhiteTeam "VfB Hermsdorf e.V."]
[BlackTeam "SV Koblenz 03/25"]

1. d4 Nf6 2. c4 g6 3. Nf3 Bg7 4. g3 O-O 5. Bg2 d6 6. Nc3 Nc6 7. O-O e5 8. d5
Ne7 9. e4 Nd7 10. Rb1 a5 11. a3 f5 12. Bg5 h6 13. Be3 f4 14. gxf4 exf4 15. Bd4
Ne5 16. Bxe5 Bxe5 17. Nxe5 dxe5 18. c5 Ra6 19. Bf3 Bh3 20. Bg4 Bxf1 21. Qxf1
Raf6 22. f3 h5 23. Be6+ Kg7 24. Qh3 Rh8 25. Kh1 g5 26. Rg1 Rg6 27. Qf1 Rhh6 28.
Bf5 Nxf5 29. exf5 Ra6 30. Qe1 Qe7 31. Ne4 g4 32. fxg4 hxg4 33. Rxg4+ Kf8 34.
Qg1 Rh8 35. Ng5 Qd7 36. Ne6+ Rxe6 37. dxe6 Qd5+ 38. Qg2 f3 39. Qf2 Rg8 40. e7+
Kxe7 41. Rxg8 Qxg8 42. Qxf3 Qg5 43. f6+ Kf7 44. Qd5+ Kxf6 45. Qd8+ Kf5 46.
Qxg5+ Kxg5 47. Kg2 Kg4 48. Kf2 Kh3 49. Ke3 Kxh2 50. Ke4 a4 51. Kxe5 Kg3 52. Ke6
Kf4 53. Kd7 c6 54. Kc7 Ke5 55. Kxb7 Kd5 56. Kb6 Kc4 57. Kxc6 Kb3 58. Kb5 1-0

[Event "Werner-Ott-Open Kreuzberger Sommer 2014"]
[Site "Berlin"]
[Date "2014.07.07"]
[Round "3.23"]
[White "Gremm, Albert Jürgen"]
[Black "Bub, Volker"]
[Result "0-1"]
[WhiteElo "1878"]
[BlackElo "2094"]
[PlyCount "120"]
[EventDate "2014.??.??"]
[WhiteTeam "SC Kreuzberg e.V."]
[BlackTeam "SC Tornado 86 Hochneukirch"]

1. d4 g6 2. e4 Bg7 3. Nc3 d6 4. Nf3 a6 5. h3 e6 6. Bg5 Ne7 7. Qd2 h6 8. Bf4 Nd7
9. Bc4 b6 10. a4 Bb7 11. O-O g5 12. Bg3 Ng6 13. Rfe1 O-O 14. Rad1 Qe7 15. Qe2
Nf6 16. e5 Nh5 17. exd6 cxd6 18. Bh2 Nhf4 19. Bxf4 Nxf4 20. Qe3 Qc7 21. Bb3
Rae8 22. Ne4 Nd5 23. Qd2 f5 24. Nexg5 hxg5 25. Nxg5 Qd7 26. c4 Nf6 27. Qb4 Ne4
28. Nxe4 Bxe4 29. f3 Ba8 30. c5 bxc5 31. dxc5 d5 32. a5 Rb8 33. Ba4 Bc6 34.
Bxc6 Qxc6 35. Qa3 Rxb2 36. Qe3 e5 37. Qg5 Qxc5+ 38. Kh1 d4 39. Rc1 Qd6 40. Rb1
Rxb1 41. Rxb1 Qf6 42. Qd2 e4 43. Rb6 e3 44. Qd3 Qh4 45. Qc4+ Kh8 46. Re6 Qf4
47. Qxa6 Rb8 48. Rb6 Rxb6 49. axb6 Be5 50. Qc8+ Kg7 51. Qd7+ Kf6 52. Qd8+ Ke6
53. Qe8+ Kd5 54. Qb5+ Kd6 55. Qb4+ Kc6 56. Qc4+ Kxb6 57. Qb4+ Kc6 58. Qc4+ Kd6
59. Qb4+ Ke6 60. Qb6+ Bd6 0-1

[Event "Werner-Ott-Open Kreuzberger Sommer 2014"]
[Site "Berlin"]
[Date "2014.07.07"]
[Round "3.24"]
[White "Krefenstein, Sergej"]
[Black "Strowig, Justin"]
[Result "1-0"]
[WhiteElo "2088"]
[BlackElo "1857"]
[PlyCount "39"]
[EventDate "2014.??.??"]
[WhiteTeam "TuS Makkabi Berlin e.V."]
[BlackTeam "SG Grün-Weiß Baumschulenweg e.V."]

1. e4 g6 2. d4 Bg7 3. f4 d6 4. Nf3 Bg4 5. Be3 c5 6. Bc4 Bxf3 7. gxf3 Nd7 8. Nc3
Ngf6 9. Qd2 Rc8 10. Bb3 a6 11. dxc5 Nxc5 12. O-O-O Nxb3+ 13. cxb3 O-O 14. h4
Nh5 15. Kb1 Bxc3 16. bxc3 a5 17. f5 a4 18. b4 Rc4 19. Bd4 e5 20. Bxe5 1-0

[Event "Werner-Ott-Open Kreuzberger Sommer 2014"]
[Site "Berlin"]
[Date "2014.07.07"]
[Round "3.25"]
[White "Peter, Volkhard"]
[Black "Badestein, Hartmut"]
[Result "0-1"]
[WhiteElo "1812"]
[BlackElo "2077"]
[PlyCount "96"]
[EventDate "2014.??.??"]
[WhiteTeam "SC Oranienburg e.V."]
[BlackTeam "SC Friesen Lichtenberg e.V."]

1. e4 c6 2. d4 d5 3. f3 e6 4. Bd3 c5 5. Bb5+ Bd7 6. Bxd7+ Qxd7 7. exd5 Qxd5 8.
Be3 cxd4 9. Qxd4 Qxd4 10. Bxd4 Nc6 11. Bc3 Nf6 12. Ne2 Bc5 13. Nd2 O-O 14.
O-O-O Nd5 15. Nb3 Bb6 16. Bd2 Rac8 17. Kb1 Rfd8 18. Nc3 Ncb4 19. Nxd5 Nxd5 20.
Ba5 Bxa5 21. Nxa5 b6 22. Nb3 a5 23. a3 Ne3 24. Rxd8+ Rxd8 25. g4 a4 26. Nc1 Rd2
27. c3 Nc4 28. b4 Nxa3+ 29. Ka1 Kf8 30. f4 Ke7 31. h4 b5 32. Rh3 Rc2 33. Na2
Nc4 34. Kb1 Rb2+ 35. Ka1 Rf2 36. f5 Rf1+ 37. Nc1 Rxc1+ 38. Ka2 e5 39. g5 e4 40.
h5 Rc2+ 41. Kb1 Rf2 42. Rh4 Kd6 43. Kc1 e3 44. g6 fxg6 45. h6 gxh6 46. Rxh6 e2
47. Rh1 Rf1+ 48. Kc2 e1=Q 0-1

[Event "Werner-Ott-Open Kreuzberger Sommer 2014"]
[Site "Berlin"]
[Date "2014.07.07"]
[Round "3.26"]
[White "Faulhaber, Rolf"]
[Black "Wierzbicki, Jirawat"]
[Result "0-1"]
[WhiteElo "2068"]
[BlackElo "1804"]
[PlyCount "92"]
[EventDate "2014.??.??"]
[WhiteTeam "SK Tauberbischofsheim"]
[BlackTeam "SK König Tegel 1949 e.V."]

1. Nf3 d5 2. c4 dxc4 3. Na3 c5 4. Nxc4 Nc6 5. g3 Nf6 6. Bg2 g6 7. b3 Bg7 8. Bb2
O-O 9. O-O Be6 10. Rc1 Rc8 11. Nce5 Nxe5 12. Bxe5 Bd5 13. d4 c4 14. Nd2 Bxg2
15. Kxg2 cxb3 16. Qxb3 Qd5+ 17. Qxd5 Nxd5 18. Bxg7 Kxg7 19. Ne4 b6 20. a3 Rfd8
21. e3 h6 22. Kf3 Kf8 23. Ke2 f6 24. Kd3 Nc7 25. Kc4 Nd5+ 26. Kb3 Ke8 27. Nc3
Nxc3 28. Rxc3 Rxc3+ 29. Kxc3 Rc8+ 30. Kb3 b5 31. Rd1 Rc4 32. Rd2 Kd7 33. Ra2 a5
34. a4 Rb4+ 35. Kc3 Rc4+ 36. Kb3 Rb4+ 37. Kc3 Rxa4 38. Rxa4 bxa4 39. Kb2 Kc6
40. Ka3 Kb5 41. g4 f5 42. gxf5 gxf5 43. h3 e6 44. h4 h5 45. f3 Kc4 46. Kxa4 Kd3
0-1